Mechanics & Wave Motion (Record no. 57913)

MARC details
000 -LEADER
fixed length control field 00478nam a2200181Ia 4500
008 - FIXED-LENGTH DATA ELEMENTS--GENERAL INFORMATION
fixed length control field 230524s9999 xx 000 0 und d
020 ## - INTERNATIONAL STANDARD BOOK NUMBER
ISBN 9789382332329
082 ## - DEWEY DECIMAL CLASSIFICATION NUMBER
Classification number 531
Item number SIN
100 ## - MAIN ENTRY--AUTHOR NAME
Personal name Vinod Kumar Singh
245 #0 - TITLE STATEMENT
Title Mechanics & Wave Motion
250 ## - EDITION STATEMENT
Edition statement 1
260 ## - PUBLICATION, DISTRIBUTION, ETC. (IMPRINT)
Place of publication New Delhi
Name of publisher I.K.International
Year of publication 2013
300 ## - PHYSICAL DESCRIPTION
Number of Pages "X,409p;"
500 ## - GENERAL NOTE
General note Quantity Number: 1
650 ## - SUBJECT ADDED ENTRY--TOPICAL TERM
Topical Term Physics
700 ## - ADDED ENTRY--PERSONAL NAME
Personal name Devraj Singh & Devendra Pratap Singh
942 ## - ADDED ENTRY ELEMENTS (KOHA)
Koha item type Books
Holdings
Lost status Damaged status Permanent Location Current Location Shelving location Date acquired Full call number Accession Number Koha item type
    Central Library, Trident Academy of Technology Central Library, Trident Academy of Technology General Stacks 05/24/2023 531 SIN 54206 Books
Trident Academy of Technology © 2023.
All rights reserved.                                                                                                                                                                                                        Designed by Team of Central Library .

Powered by Koha